000 00514nam a2200169Ia 4500
999 _c23156
_d23156
003 OSt
005 20200605100839.0
008 190216s9999||||xx |||||||||||||| ||und||
020 _a9789380607818
040 _coclc
082 _a950.21092
_bHAQ/C
100 _aHaqqi, S A H
_92297
245 0 _aChingiz Khan The Life And Legacy Of An Empire Builder /
_cS A H Haqqi
260 _bPrimus Books,
_c2013.
_aNew Delhi:
300 _a326p
942 _cBK
_2ddc
_h950.21092
_iHAQ/C
_k950.21092
_mHAQ/C